| 000 | 00557nam a2200193Ia 4500 | ||
|---|---|---|---|
| 005 | 20250508162137.0 | ||
| 008 | 008 250505s9999 xx 000 0 eng d | ||
| 037 | _aTextual | ||
| 040 |
_aFEDL _beng _cFEDL |
||
| 041 |
_aeng _2eng |
||
| 084 |
_a372.4, MOY _qFEDL |
||
| 100 |
_aMoyle Donald _9140149 |
||
| 245 | 0 | _aModern innovations in the teaching of reading | |
| 260 |
_aLondon, UK _bUniversity of London Press _c1974 |
||
| 300 | _a111p | ||
| 700 |
_a Moyle Louise M _9772420 |
||
| 942 |
_cTEXL _h372.4, MOY |
||
| 999 |
_c1374632 _d1374632 |
||